Statistics for Mountains shared by countries

Click here to take the quiz!

General Stats

  • This quiz has been taken 29 times
  • The average score is 2 of 6

Answer Stats

HintAnswer% Correct
Nepal & ChinaMount Everest
100%
Italy & FranceMont Blanc
71%
Democratic Republic of Congo & UgandaMount Stanley
11%
Finland & NorwayMount Halti
7%
Albania & MacedoniaMount Korab
4%
Côte d'Ivoire & GuineaMount Nimba
4%

Score Distribution

Percentile by Number Answered

Percent of People with Each Score

Your Score History

You have not taken this quiz